[Event "Madrid Codes Memorial 13th"]
[Site "Madrid"]
[Date "2019.04.14"]
[Round "3.1"]
[White "Jimenez Manzano, Emiliano"]
[Black "Dominguez Carmona, Miguel"]
[Result "0-1"]
[WhiteElo "1558"]
[BlackElo "2023"]
[PlyCount "88"]
[EventDate "2019.03.31"]
[EventType "swiss"]
[EventRounds "9"]
[EventCountry "ESP"]
[SourceTitle "EXT 2024"]
[Source "ChessBase"]
[SourceDate "2023.10.10"]
[SourceVersion "1"]
[SourceVersionDate "2023.10.10"]
[SourceQuality "1"]

1. e4 c5 2. Nf3 e6 3. d3 Nc6 4. g3 g6 5. Bg2 Bg7 6. Nc3 d6 7. Bd2 Rb8 8. Rb1 b5 9. a3 Nge7 10. 0-0 a5 11. Ne2 b4 12. Qc1 h6 13. Ne1 Qb6 14. b3 bxa3 15. Qxa3 0-0 16. Qc1 Kh7 17. f4 a4 18. Nf3 axb3 19. Rxb3 Qc7 20. Rxb8 Qxb8 21. Bc3 Bxc3 22. Nxc3 Qb4 23. Ne2 Ba6 24. Qa1 Qb6 25. Rb1 Qa7 26. Kh1 Rb8 27. Rxb8 Nxb8 28. Qf6 Nec6 29. f5 Qe7 30. fxg6+ fxg6 31. Qa1 e5 32. Nc3 Nb4 33. Qc1 N8c6 34. Nh4 Nd4 35. Nd5 Nxd5 36. exd5 Qg5 37. Qf1 Kg7 38. Be4 Nxc2 39. Nxg6 Qf6 40. Qxf6+ Kxf6 41. Nh4 Nb4 42. Nf5 Nxd3 43. Nxd6 c4 44. Nf5 Nf2+ 0-1

[Event "Madrid Codes Memorial 13th"]
[Site "Madrid"]
[Date "2019.04.07"]
[Round "2.1"]
[White "Dominguez Carmona, Miguel"]
[Black "Martinell Gispert Sauch, Jose M"]
[Result "1-0"]
[WhiteElo "2023"]
[BlackElo "1626"]
[PlyCount "121"]
[EventDate "2019.03.31"]
[EventType "swiss"]
[EventRounds "9"]
[EventCountry "ESP"]
[SourceTitle "EXT 2024"]
[Source "ChessBase"]
[SourceDate "2023.10.10"]
[SourceVersion "1"]
[SourceVersionDate "2023.10.10"]
[SourceQuality "1"]

1. d4 Nf6 2. c4 c5 3. Nf3 cxd4 4. Nxd4 g6 5. Nc3 Nc6 6. e4 d6 7. Be2 Bg7 8. Be3 Bd7 9. 0-0 0-0 10. h3 Rc8 11. Qd2 Re8 12. Rac1 Qa5 13. f4 a6 14. Rfd1 Nxd4 15. Bxd4 Bc6 16. Qe3 Nd7 17. Bxg7 Kxg7 18. Kh1 Kg8 19. a3 Qb6 20. Qxb6 Nxb6 21. b4 Na4 22. Nxa4 Bxa4 23. Rd3 Bc6 24. Re3 Bd7 25. Rec3 Rc7 26. b5 Rec8 27. bxa6 bxa6 28. Rb1 Bb5 29. Rb4 Rc5 30. a4 Bc6 31. Bd3 a5 32. Rb6 Bxa4 33. Rb7 Bb5 34. Ra3 Bxc4 35. Bxc4 Rxc4 36. Rxe7 Kf8 37. Rd7 Rxe4 38. f5 a4 39. fxg6 hxg6 40. Rf3 f5 41. Rxd6 Kf7 42. Ra6 Rc2 43. Rg3 Rc1+ 44. Kh2 Ree1 45. Rgxg6 Rh1+ 46. Kg3 Rc3+ 47. Kf4 Rc4+ 48. Kxf5 Rf1+ 49. Kg5 Rd1 50. Ra7+ Kf8 51. Rb6 Rd5+ 52. Kg6 Re5 53. Rb8+ Re8 54. Rxe8+ Kxe8 55. g4 Rc3 56. h4 a3 57. h5 Rc4 58. g5 Rc6+ 59. Kg7 Rc5 60. Kh6 Rc6+ 61. g6 1-0

[Event "Madrid Codes Memorial 13th"]
[Site "Madrid"]
[Date "2019.03.31"]
[Round "1.2"]
[White "Urrea Salazar, Martin"]
[Black "Dominguez Carmona, Miguel"]
[Result "0-1"]
[WhiteElo "1452"]
[BlackElo "2023"]
[PlyCount "102"]
[EventDate "2019.03.31"]
[EventType "swiss"]
[EventRounds "9"]
[EventCountry "ESP"]
[SourceTitle "EXT 2024"]
[Source "ChessBase"]
[SourceDate "2023.10.10"]
[SourceVersion "1"]
[SourceVersionDate "2023.10.10"]
[SourceQuality "1"]

1. e4 c5 2. Nf3 e6 3. c3 Nf6 4. e5 Nd5 5. Bc4 Nb6 6. Na3 Nxc4 7. Nxc4 b5 8. Ne3 Nc6 9. d4 cxd4 10. Nxd4 Qb6 11. Nxc6 Qxc6 12. 0-0 Bb7 13. Bd2 Bc5 14. f3 g5 15. b4 Bb6 16. Kh1 h5 17. Qe2 Bc7 18. Rac1 Bxe5 19. c4 a6 20. cxb5 Qxb5 21. Qxb5 axb5 22. Rc5 Bf6 23. Rxb5 Bc6 24. Ra5 Rxa5 25. bxa5 d5 26. Rc1 Kd7 27. Nc2 Rc8 28. Nb4 Bb5 29. Rb1 Bc4 30. a6 Ra8 31. f4 gxf4 32. Bxf4 e5 33. Bg3 Ke6 34. Bf2 Bxa6 35. Rd1 Bc4 36. Rd2 Ra4 37. a3 Rxa3 38. h3 Rb3 39. Nc2 d4 40. Bxd4 exd4 41. Nxd4+ Bxd4 42. Rxd4 Bd3 43. Rh4 Bg6 44. Ra4 Ke5 45. Ra5+ Kf4 46. Kh2 h4 47. Ra4+ Be4 48. Ra7 Rb7 49. Ra6 Rb2 50. Rf6+ Kg5 51. Rxf7 Rxg2+ 0-1

[Event "Mem op Francisco Codes 12th"]
[Site "Madrid"]
[Date "2018.05.20"]
[Round "6.2"]
[White "Dominguez Carmona, Miguel"]
[Black "Marcos Herrero, Francisco"]
[Result "1/2-1/2"]
[WhiteElo "2059"]
[BlackElo "1896"]
[PlyCount "115"]
[EventDate "2018.04.08"]
[EventType "swiss"]
[EventRounds "9"]
[EventCountry "ESP"]
[SourceTitle "EXT 2024"]
[Source "ChessBase"]
[SourceDate "2023.10.10"]
[SourceVersion "1"]
[SourceVersionDate "2023.10.10"]
[SourceQuality "1"]

1. d4 Nf6 2. c4 c5 3. Nf3 g6 4. Nc3 cxd4 5. Nxd4 Nc6 6. e4 d6 7. Be2 Nxd4 8. Qxd4 Bg7 9. Be3 0-0 10. Qd3 Be6 11. Bd4 Rc8 12. b3 Qa5 13. 0-0 Nd7 14. Bxg7 Kxg7 15. Kh1 Ne5 16. Qd4 Qc5 17. Rad1 Qxd4 18. Rxd4 a6 19. f4 Nc6 20. Rd2 f6 21. h4 h6 22. f5 Bf7 23. fxg6 Bxg6 24. Bf3 Ne5 25. Nd5 Rfe8 26. Nf4 Bf7 27. Be2 Rc5 28. a4 Rec8 29. Ra1 R5c6 30. Nd3 Nxd3 31. Rxd3 Be6 32. Bf3 Rc5 33. e5 dxe5 34. Bxb7 Rb8 35. Bxa6 e4 36. Rg3+ Kf7 37. Bb5 Rh5 38. a5 f5 39. a6 f4 40. a7 Ra8 41. Bc6 Rxa7 42. Rg7+ Kxg7 43. Rxa7 Rxh4+ 44. Kg1 e3 45. Rxe7+ Kf6 46. Ra7 Rh5 47. Bf3 Rg5 48. Kf1 Ke5 49. Re7 Kd6 50. Rh7 Rg6 51. Rb7 Kc5 52. Rb5+ Kd4 53. c5 Bf5 54. Rb4+ Kxc5 55. Rc4+ Kd6 56. Rxf4 Ke5 57. Rh4 Bd3+ 58. Be2 1/2-1/2

[Event "Madrid Oliver Gonzalez Memorial 2nd"]
[Site "Madrid"]
[Date "2011.10.15"]
[Round "8"]
[White "Dominguez Carmona, Miguel"]
[Black "Fernandez Aransay, Fernando"]
[Result "1-0"]
[WhiteElo "2087"]
[BlackElo "1886"]
[PlyCount "33"]
[EventDate "2011.10.08"]
[EventType "swiss"]
[EventRounds "9"]
[EventCountry "ESP"]
[SourceTitle "CBM 144 Extra"]
[Source "ChessBase"]
[SourceDate "2011.10.28"]
[SourceVersion "1"]
[SourceVersionDate "2011.10.28"]
[SourceQuality "1"]

1. d4 Nf6 2. c4 e6 3. Nf3 b6 4. Bf4 Bb7 5. e3 Be7 6. Nc3 Nh5 7. Bg3 Nxg3 8. hxg3 d6 9. Qc2 h6 10. Bd3 Nd7 11. 0-0-0 Nf6 12. e4 Nh7 13. e5 Ng5 14. Nxg5 Bxg5+ 15. f4 Be7 16. g4 Bxg2 17. Qxg2 1-0

[Event "Madrid Oliver Gonzalez Memorial 2nd"]
[Site "Madrid"]
[Date "2011.10.09"]
[Round "2"]
[White "Dominguez Carmona, Miguel"]
[Black "Almagro Llamas, Pablo"]
[Result "0-1"]
[WhiteElo "2087"]
[BlackElo "2466"]
[PlyCount "86"]
[EventDate "2011.10.08"]
[EventType "swiss"]
[EventRounds "9"]
[EventCountry "ESP"]
[SourceTitle "CBM 144 Extra"]
[Source "ChessBase"]
[SourceDate "2011.10.28"]
[SourceVersion "1"]
[SourceVersionDate "2011.10.28"]
[SourceQuality "1"]

1. d4 Nf6 2. c4 e6 3. Nf3 b6 4. Bf4 Bb7 5. e3 Be7 6. h3 c5 7. Nc3 cxd4 8. exd4 0-0 9. Bd3 d5 10. 0-0 Nc6 11. Re1 Nb4 12. cxd5 Nxd3 13. Qxd3 Nxd5 14. Nxd5 Qxd5 15. a3 Rac8 16. Rac1 f6 17. Qe2 Kf7 18. h4 Qf5 19. Bg3 Rfe8 20. Rxc8 Rxc8 21. d5 Qxd5 22. Rd1 Qc6 23. Bf4 Rd8 24. Rc1 Qd5 25. Rc7 Rd7 26. Qc2 Rxc7 27. Bxc7 Qc6 28. Qxc6 Bxc6 29. Nd4 Bd7 30. b4 e5 31. Ne2 Ke6 32. Nc3 f5 33. g3 Bf6 34. Bb8 a6 35. Bc7 b5 36. Kf1 e4 37. Nd1 Kd5 38. Ne3+ Kc6 39. Bb8 Bb2 40. Nc2 Be6 41. Ke2 Bb3 42. Kd2 Bxc2 43. Kxc2 Bd4 0-1

[Event "Madrid Oliver Gonzalez Memorial 1st"]
[Site "Madrid"]
[Date "2010.10.16"]
[Round "8"]
[White "Nunez Miranda, Adrian"]
[Black "Dominguez Carmona, Miguel"]
[Result "0-1"]
[WhiteElo "1811"]
[BlackElo "2066"]
[PlyCount "96"]
[EventDate "2010.10.09"]
[EventType "swiss"]
[EventRounds "9"]
[EventCountry "ESP"]
[SourceTitle "CBM 138 Extra"]
[Source "ChessBase"]
[SourceDate "2010.10.29"]
[SourceVersion "1"]
[SourceVersionDate "2010.10.29"]
[SourceQuality "1"]

1. e4 c5 2. d3 Nc6 3. g3 d6 4. Bg2 g6 5. f4 Bg7 6. Nf3 e6 7. 0-0 Nge7 8. c3 Rb8 9. a4 a6 10. d4 cxd4 11. cxd4 Qb6 12. a5 Nxa5 13. Qa4+ Nac6 14. Bd2 Bd7 15. Ba5 Nxa5 16. Qxa5 Qxa5 17. Rxa5 Bb5 18. Rd1 Nc6 19. Ra3 Be2 20. Rd2 Bxf3 21. Bxf3 Nxd4 22. Bg2 Rc8 23. Nc3 Rc7 24. Kf2 Ke7 25. Ke3 Nc6 26. g4 h5 27. g5 Rhc8 28. Na4 b5 29. e5 dxe5 30. Nb6 exf4+ 31. Kxf4 Rb8 32. Rxa6 Nb4 33. Ra8 Rxb6 34. Rg8 Bf8 35. Be4 e5+ 36. Kg3 Rc4 37. Bf3 Rd4 38. Re2 Re6 39. Be4 Nd3 40. Rh8 Nc5 41. Bb1 e4 42. Rh7 b4 43. Rf2 e3 44. Rfxf7+ Kd6 45. Rf6 e2 46. Rxe6+ Nxe6 47. Kf2 Nf4 48. Rf7 Rd1 0-1

[Event "Madrid Oliver Gonzalez Memorial 1st"]
[Site "Madrid"]
[Date "2010.10.15"]
[Round "7"]
[White "Dominguez Carmona, Miguel"]
[Black "Gonzalo Gonzalez, Francisco"]
[Result "1-0"]
[WhiteElo "2066"]
[BlackElo "1784"]
[PlyCount "41"]
[EventDate "2010.10.09"]
[EventType "swiss"]
[EventRounds "9"]
[EventCountry "ESP"]
[SourceTitle "CBM 138 Extra"]
[Source "ChessBase"]
[SourceDate "2010.10.29"]
[SourceVersion "1"]
[SourceVersionDate "2010.10.29"]
[SourceQuality "1"]

1. d4 e5 2. dxe5 Nc6 3. Nf3 Qe7 4. Qd5 b6 5. Nc3 Bb7 6. Bg5 f6 7. exf6 gxf6 8. Bh4 0-0-0 9. e3 Nb4 10. Qd2 d5 11. a3 Na6 12. Nd4 Nh6 13. Bxa6 Bxa6 14. Nc6 Qg7 15. Nxd8 Kxd8 16. Qxd5+ Bd6 17. Ne4 Ng8 18. Nxd6 cxd6 19. 0-0-0 Bc8 20. Qxd6+ Bd7 21. Qb8+ 1-0

[Event "Madrid-ch Previa-B"]
[Site "Madrid"]
[Date "2008.11.28"]
[Round "8"]
[White "Gonzalez Ayuso, Gonzalo"]
[Black "Dominguez Carmona, Miguel"]
[Result "1/2-1/2"]
[WhiteElo "1804"]
[BlackElo "2051"]
[PlyCount "131"]
[EventDate "2008.11.06"]
[EventType "swiss"]
[EventRounds "9"]
[EventCountry "ESP"]
[SourceTitle "CBM 127 Extra"]
[Source "ChessBase"]
[SourceDate "2009.01.08"]
[SourceVersion "2"]
[SourceVersionDate "2009.01.28"]
[SourceQuality "1"]

1. d4 Nf6 2. c4 c5 3. d5 e6 4. Nc3 exd5 5. cxd5 d6 6. e4 g6 7. Bg5 Bg7 8. Rc1 h6 9. Bh4 0-0 10. Nf3 Re8 11. Be2 g5 12. e5 dxe5 13. Bg3 e4 14. Ne5 Bf5 15. Nc4 a6 16. Nd6 Bg6 17. Nxb7 Qb6 18. Nd6 Rd8 19. Nc4 Qb7 20. d6 Nc6 21. 0-0 Nd4 22. b3 Ne8 23. Na4 Qb5 24. Re1 Nxe2+ 25. Qxe2 f5 26. Be5 Bxe5 27. Nxe5 Qxe2 28. Rxe2 Bh5 29. Rd2 Rxd6 30. Rxd6 Nxd6 31. Rxc5 Rc8 32. h3 Rxc5 33. Nxc5 Be2 34. Ned7 Bb5 35. Nb8 a5 36. a4 Be8 37. Ne6 Nb7 38. Na6 Bd7 39. Nec5 Nxc5 40. Nxc5 Bc6 41. Kf1 Kf7 42. Ke2 Ke7 43. Ke3 Kd6 44. Kd4 Bd5 45. g3 Bc6 46. g4 fxg4 47. hxg4 e3 48. fxe3 Bf3 49. Ne4+ Kc6 50. Nf2 h5 51. gxh5 Bxh5 52. Ke5 Bf7 53. Ne4 g4 54. Kf4 Bxb3 55. Nc3 Kc5 56. e4 Kb4 57. Nd5+ Kxa4 58. Kxg4 Kb5 59. Kf5 Kc5 60. Nc3 Bc2 61. Ke5 Bd3 62. Na4+ Kb5 63. Kd4 Bxe4 64. Nc3+ Kb4 65. Nxe4 a4 66. Nc3 1/2-1/2

[Event "Madrid-ch Previa-B"]
[Site "Madrid"]
[Date "2008.11.21"]
[Round "6"]
[White "Garcia Salamero, Gabriel"]
[Black "Dominguez Carmona, Miguel"]
[Result "1-0"]
[WhiteElo "2005"]
[BlackElo "2051"]
[PlyCount "71"]
[EventDate "2008.11.06"]
[EventType "swiss"]
[EventRounds "9"]
[EventCountry "ESP"]
[SourceTitle "CBM 127 Extra"]
[Source "ChessBase"]
[SourceDate "2009.01.08"]
[SourceVersion "2"]
[SourceVersionDate "2009.01.28"]
[SourceQuality "1"]

1. f4 d5 2. Nf3 g6 3. e3 Bg7 4. d4 Nf6 5. b3 0-0 6. Bd3 b6 7. 0-0 Ba6 8. Nbd2 Bxd3 9. cxd3 c5 10. Bb2 Nc6 11. Ne5 Rc8 12. Ndf3 Nd7 13. Nxc6 Rxc6 14. Ne5 Rc8 15. Qg4 e6 16. Rf3 cxd4 17. Bxd4 Nxe5 18. fxe5 Qc7 19. Qf4 Qc2 20. e4 dxe4 21. Qxe4 Qd2 22. h4 Rc2 23. Rf2 Rc1+ 24. Kh2 Qd1 25. Rxc1 Qxc1 26. Be3 Qc7 27. Bf4 Rd8 28. d4 Qd7 29. Be3 Qd5 30. Qf4 Rd7 31. h5 gxh5 32. Rf3 Rc7 33. Rg3 Kh8 34. Qh4 Rc3 35. Rxg7 Rxe3 36. Qf6 1-0

[Event "Madrid-ch Previa-B"]
[Site "Madrid"]
[Date "2008.11.07"]
[Round "2"]
[White "Leniz Martinez, Francisco"]
[Black "Dominguez Carmona, Miguel"]
[Result "0-1"]
[WhiteElo "1874"]
[BlackElo "2051"]
[PlyCount "78"]
[EventDate "2008.11.06"]
[EventType "swiss"]
[EventRounds "9"]
[EventCountry "ESP"]
[SourceTitle "CBM 127 Extra"]
[Source "ChessBase"]
[SourceDate "2009.01.08"]
[SourceVersion "2"]
[SourceVersionDate "2009.01.28"]
[SourceQuality "1"]

1. e4 c5 2. Nf3 e6 3. d4 cxd4 4. Nxd4 a6 5. c4 Nf6 6. Nc3 Bb4 7. Bd3 Qc7 8. 0-0 Nc6 9. Nxc6 dxc6 10. a3 Be7 11. f4 e5 12. f5 g6 13. Kh1 gxf5 14. exf5 Rg8 15. Ne4 Bd7 16. Be3 0-0-0 17. Qc2 c5 18. Nxf6 Bxf6 19. Be4 Bc6 20. Rad1 Rg4 21. Rxd8+ Bxd8 22. Bf3 Bxf3 23. Rxf3 e4 24. Rf1 Qe5 25. Qc3 Qxc3 26. bxc3 b6 27. g3 Bf6 28. Rc1 Rg8 29. Kg2 Rd8 30. Rc2 Rd3 31. Bd2 h5 32. Kf1 Rf3+ 33. Ke2 Be5 34. Rc1 h4 35. Be1 hxg3 36. hxg3 Bxg3 37. Bd2 Rf2+ 38. Kd1 Rxd2+ 39. Kxd2 Bf4+ 0-1

[Event "La Pobla de Lillet op 17th"]
[Site "La Pobla de Lillet"]
[Date "2007.08.08"]
[Round "7"]
[White "Capellades Subirana, Marc"]
[Black "Dominguez Carmona, Miguel"]
[Result "1/2-1/2"]
[WhiteElo "2112"]
[BlackElo "2055"]
[PlyCount "151"]
[EventDate "2007.08.02"]
[EventType "swiss"]
[EventRounds "9"]
[EventCountry "ESP"]
[SourceTitle "EXT 2008"]
[Source "ChessBase"]
[SourceDate "2007.11.25"]
[SourceVersion "1"]
[SourceVersionDate "2007.11.25"]
[SourceQuality "1"]

1. e4 c5 2. Nf3 e6 3. d4 cxd4 4. Nxd4 a6 5. g3 Nf6 6. Bg2 Qc7 7. 0-0 Nc6 8. Nxc6 dxc6 9. Be3 e5 10. f3 Be6 11. Nc3 Be7 12. Kh1 0-0 13. Qe2 Rad8 14. b3 Nd7 15. f4 f5 16. Bh3 Rf6 17. exf5 Bxf5 18. Bxf5 Rxf5 19. fxe5 Rxf1+ 20. Rxf1 Qxe5 21. Qc4+ Kh8 22. Bd4 b5 23. Bxe5 bxc4 24. Bc7 Rf8 25. Rxf8+ Nxf8 26. bxc4 Ne6 27. Be5 Kg8 28. Ne4 Kf7 29. Kg2 Nc5 30. Nxc5 Bxc5 31. Kf3 g6 32. Ke4 Ke6 33. Bd4 Bd6 34. Be3 Be7 35. g4 Bf6 36. Bd4 Be7 37. Bc3 Bc5 38. h3 Bd6 39. Kf3 Bc5 40. Kf4 Be7 41. Bb2 Bd8 42. Ba3 Bf6 43. Ke3 Bg5+ 44. Kd3 Bf6 45. Bc5 Be5 46. Bd4 Bc7 47. Kc3 Bd6 48. Kb3 Kd7 49. Ka4 Kc8 50. Bc3 Be7 51. Bb4 Bd8 52. Bf8 Bb6 53. Kb4 Kd7 54. Bh6 Bd8 55. Kc5 Bc7 56. Bg5 Ba5 57. Bf4 Bd8 58. Bb8 Ba5 59. Ba7 Bd8 60. Kb4 Bc7 61. Bd4 Bd8 62. Bc3 Bb6 63. Ka4 Kc8 64. Ba5 Bc5 65. Bb4 Bb6 66. c5 Bd8 67. Ba5 Be7 68. Bb6 Bh4 69. Ka5 Kb7 70. Kb4 Kc8 71. Kc4 Kd7 72. Kd4 Ke6 73. Ke4 Be7 74. Kd4 Bf6+ 75. Kc4 Kd7 76. Kd3 1/2-1/2

[Event "Madrid Codes Memorial 1st"]
[Site "Madrid"]
[Date "2007.06.03"]
[Round "8"]
[White "Aziz Ortego, Omar Luis"]
[Black "Dominguez Carmona, Miguel"]
[Result "1-0"]
[WhiteElo "2112"]
[BlackElo "2065"]
[PlyCount "61"]
[EventDate "2007.04.15"]
[EventType "swiss"]
[EventRounds "9"]
[EventCountry "ESP"]
[SourceTitle "EXT 2009"]
[Source "ChessBase"]
[SourceDate "2008.11.26"]
[SourceVersion "1"]
[SourceVersionDate "2008.11.26"]
[SourceQuality "1"]

1. d4 d5 2. Nf3 Nf6 3. Bf4 Bf5 4. e3 e6 5. c4 Bd6 6. Bg3 Bxg3 7. hxg3 0-0 8. Nc3 Nbd7 9. Nh4 Bg6 10. g4 dxc4 11. Bxc4 c5 12. g5 cxd4 13. Qxd4 e5 14. Qd1 Nb6 15. Nxg6 hxg6 16. Qe2 Nfd5 17. Nxd5 Nxd5 18. Qf3 Qa5+ 19. Kf1 Rfd8 20. Rh4 Rac8 21. g3 Qd2 22. Kg2 Nf4+ 23. gxf4 Rxc4 24. Rah1 Kf8 25. Rh8+ Ke7 26. Qxb7+ Rd7 27. Qb8 Qd5+ 28. Kh2 Ke6 29. Rd1 Qc5 30. Re8+ Re7 31. Rxe7+ 1-0

[Event "Budapest Spring op 22nd"]
[Site "Budapest"]
[Date "2006.03.30"]
[Round "8"]
[White "Moriuchi, Toshiyuki"]
[Black "Dominguez Carmona, Miguel"]
[Result "1-0"]
[WhiteElo "2282"]
[BlackElo "2039"]
[PlyCount "49"]
[EventDate "2006.03.23"]
[EventType "swiss"]
[EventRounds "9"]
[EventCountry "HUN"]
[SourceTitle "CBM 111 Extra"]
[Source "ChessBase"]
[SourceDate "2006.05.09"]
[SourceVersion "1"]
[SourceVersionDate "2006.05.09"]
[SourceQuality "1"]

1. e4 c5 2. Nf3 e6 3. d4 cxd4 4. Nxd4 a6 5. Bd3 Nf6 6. 0-0 Qc7 7. Be3 d5 8. Nc3 dxe4 9. Nxe4 Be7 10. Qd2 e5 11. Nxf6+ Bxf6 12. Ne2 0-0 13. Ng3 Nc6 14. Nh5 Qe7 15. Qc3 Re8 16. f4 Bg4 17. Nxf6+ Qxf6 18. Rae1 Rac8 19. fxe5 Qxe5 20. Qb3 Qc7 21. Rxf7 Qxf7 22. Bxh7+ Kf8 23. Rf1 Qxf1+ 24. Kxf1 Be6 25. Bc5+ 1-0

[Event "Budapest Spring op 22nd"]
[Site "Budapest"]
[Date "2006.03.26"]
[Round "4"]
[White "Schacht, Holger"]
[Black "Dominguez Carmona, Miguel"]
[Result "1-0"]
[WhiteElo "2292"]
[BlackElo "2039"]
[PlyCount "65"]
[EventDate "2006.03.23"]
[EventType "swiss"]
[EventRounds "9"]
[EventCountry "HUN"]
[SourceTitle "CBM 111 Extra"]
[Source "ChessBase"]
[SourceDate "2006.05.09"]
[SourceVersion "1"]
[SourceVersionDate "2006.05.09"]
[SourceQuality "1"]

1. d4 Nf6 2. c4 e6 3. Nc3 c5 4. d5 exd5 5. cxd5 d6 6. Nf3 g6 7. Bg5 Bg7 8. e3 a6 9. a4 Bg4 10. Be2 Bxf3 11. Bxf3 h6 12. Bh4 0-0 13. 0-0 Re8 14. Qc2 Nbd7 15. Be2 Qe7 16. Ra2 g5 17. Bg3 Rad8 18. h3 Nb6 19. Rd1 Ne4 20. Nxe4 Qxe4 21. Qb3 Qb4 22. Qxb4 cxb4 23. a5 Nc8 24. Ra4 Bxb2 25. Rxb4 Bc3 26. Rxb7 Bxa5 27. Ra1 Bc3 28. Rxa6 Be5 29. Bxe5 dxe5 30. Bh5 Re7 31. Rb8 Rde8 32. Bg4 Nd6 33. Rxe8+ 1-0

[Event "Budapest Spring op 22nd"]
[Site "Budapest"]
[Date "2006.03.25"]
[Round "3"]
[White "Dominguez Carmona, Miguel"]
[Black "Labahn, Wolfgang"]
[Result "1/2-1/2"]
[WhiteElo "2039"]
[BlackElo "2171"]
[PlyCount "84"]
[EventDate "2006.03.23"]
[EventType "swiss"]
[EventRounds "9"]
[EventCountry "HUN"]
[SourceTitle "CBM 111 Extra"]
[Source "ChessBase"]
[SourceDate "2006.05.09"]
[SourceVersion "1"]
[SourceVersionDate "2006.05.09"]
[SourceQuality "1"]

1. d4 d5 2. c4 e6 3. Nf3 Nf6 4. g3 c6 5. Bg2 Bd6 6. Qc2 Nbd7 7. 0-0 0-0 8. Rd1 Qe7 9. b3 Ne4 10. Nc3 f5 11. Bf4 Bxf4 12. gxf4 Ndf6 13. Ne5 Bd7 14. Nxe4 fxe4 15. e3 Kh8 16. f3 exf3 17. Bxf3 Rg8 18. h4 Be8 19. Qe2 Nd7 20. Nxd7 Qxd7 21. Kh1 Qe7 22. h5 g6 23. Rg1 Qh4+ 24. Qh2 Qxh2+ 25. Kxh2 gxh5 26. Rxg8+ Kxg8 27. Rg1+ Bg6 28. Bxh5 Kf7 29. Bxg6+ hxg6 30. Rg3 Kf6 31. Rh3 Kf5 32. Kg3 Ke4 33. Kg4 b6 34. Kg5 Rf8 35. cxd5 cxd5 36. Kxg6 Rf5 37. Kg7 b5 38. a4 bxa4 39. bxa4 a5 40. Rg3 Kd3 41. Kg6 Rf8 42. Kg7 Rf5 1/2-1/2

[Event "Budapest Spring op 22nd"]
[Site "Budapest"]
[Date "2006.03.24"]
[Round "2"]
[White "Nemeth, Attila Janos"]
[Black "Dominguez Carmona, Miguel"]
[Result "0-1"]
[WhiteElo "2109"]
[BlackElo "2039"]
[PlyCount "40"]
[EventDate "2006.03.23"]
[EventType "swiss"]
[EventRounds "9"]
[EventCountry "HUN"]
[SourceTitle "CBM 111 Extra"]
[Source "ChessBase"]
[SourceDate "2006.05.09"]
[SourceVersion "1"]
[SourceVersionDate "2006.05.09"]
[SourceQuality "1"]

1. d4 Nf6 2. c4 e6 3. Nc3 c5 4. e3 cxd4 5. exd4 d5 6. Nf3 Nc6 7. Be2 Be7 8. 0-0 0-0 9. Ne5 dxc4 10. Nxc6 bxc6 11. Bxc4 Nd5 12. a3 Bf6 13. Bd2 Bxd4 14. Nxd5 exd5 15. Bb3 Qf6 16. Qc2 Ba6 17. Rfb1 Qxf2+ 18. Kh1 Rac8 19. Qd1 Rfe8 20. Be1 Qg1# 0-1

[Event "Collado Villalba op-A 22nd"]
[Site "Collado Villalba"]
[Date "2005.08.21"]
[Round "2"]
[White "Dominguez Carmona, Miguel"]
[Black "Mateo, Ramon"]
[Result "0-1"]
[WhiteElo "2085"]
[BlackElo "2434"]
[PlyCount "64"]
[EventDate "2005.08.20"]
[EventType "swiss"]
[EventRounds "9"]
[EventCountry "ESP"]
[SourceTitle "CBM 108 Extra"]
[Source "ChessBase"]
[SourceDate "2005.11.04"]
[SourceVersion "1"]
[SourceVersionDate "2005.11.04"]
[SourceQuality "1"]

1. d4 Nf6 2. c4 e6 3. Nf3 b6 4. g3 Ba6 5. b3 b5 6. cxb5 Bxb5 7. Bg2 d5 8. 0-0 Nbd7 9. Nc3 Ba6 10. Bf4 Rc8 11. Rc1 Ba3 12. Rc2 0-0 13. Na4 Re8 14. Ne5 Nxe5 15. Bxe5 Nd7 16. Bf4 c6 17. Nc5 Bxc5 18. dxc5 e5 19. Bc1 Qe7 20. Bh3 Rcd8 21. Bxd7 Rxd7 22. Qd2 d4 23. Rd1 Red8 24. Qa5 d3 25. exd3 Bxd3 26. Rcd2 e4 27. Qc3 Rd5 28. b4 h5 29. h4 e3 30. fxe3 Qxe3+ 31. Kh2 Qf3 32. Rg2 Qxd1 0-1

[Event "Bajada de la Virgen op 3rd"]
[Site "Santa Cruz de La Palma"]
[Date "2005.06.16"]
[Round "6"]
[White "Dominguez Carmona, Miguel"]
[Black "Zivkovic, Negosim"]
[Result "0-1"]
[WhiteElo "2121"]
[BlackElo "2208"]
[PlyCount "30"]
[EventDate "2005.06.13"]
[EventType "swiss"]
[EventRounds "9"]
[EventCountry "ESP"]
[SourceTitle "CBM 106 Extra"]
[Source "ChessBase"]
[SourceDate "2005.07.01"]
[SourceVersion "1"]
[SourceVersionDate "2005.07.01"]
[SourceQuality "1"]

1. d4 Nf6 2. c4 c5 3. d5 e6 4. Nf3 exd5 5. cxd5 d6 6. e4 g6 7. Nc3 Bg7 8. Be2 0-0 9. 0-0 Re8 10. Re1 Nxe4 11. Bb5 Nxc3 12. Rxe8+ Qxe8 13. Bxe8 Nxd1 14. Bf4 Nxb2 15. Rb1 Bf5 0-1

[Event "Bajada de la Virgen op 3rd"]
[Site "Santa Cruz de La Palma"]
[Date "2005.06.16"]
[Round "5"]
[White "Hernando Rodrigo, Jose Maria"]
[Black "Dominguez Carmona, Miguel"]
[Result "1-0"]
[WhiteElo "2348"]
[BlackElo "2121"]
[PlyCount "85"]
[EventDate "2005.06.13"]
[EventType "swiss"]
[EventRounds "9"]
[EventCountry "ESP"]
[SourceTitle "CBM 106 Extra"]
[Source "ChessBase"]
[SourceDate "2005.07.01"]
[SourceVersion "1"]
[SourceVersionDate "2005.07.01"]
[SourceQuality "1"]

1. c4 Nf6 2. Nc3 e6 3. e4 d6 4. d4 c5 5. dxc5 dxc5 6. Qxd8+ Kxd8 7. Bf4 Nc6 8. Nf3 Nh5 9. 0-0-0+ Bd7 10. Be3 Nf6 11. h3 e5 12. g4 h6 13. Be2 b6 14. Rd2 Kc8 15. b3 Be7 16. Rhd1 Rd8 17. g5 hxg5 18. Nxg5 Be8 19. Rxd8+ Bxd8 20. f4 exf4 21. Bxf4 Bc7 22. Bxc7 Kxc7 23. Nb5+ Kb7 24. Nd6+ Kc7 25. Nb5+ Kb7 26. Bf3 Ne5 27. Nd6+ Kc7 28. Nf5 Nxf3 29. Nxf3 Nxe4 30. Nxg7 Nf2 31. Rd2 Nxh3 32. Nh5 f5 33. Nf6 Bc6 34. Ne5 Rf8 35. Nd5+ Bxd5 36. cxd5 Rd8 37. Nf7 Rd7 38. d6+ Kb7 39. Ne5 Rd8 40. Rh2 Ng5 41. Rh5 Ne4 42. Rh7+ Kc8 43. Rc7+ 1-0